| 000 | 00709nam a22002177a 4500 | ||
|---|---|---|---|
| 005 | 20150506123445.0 | ||
| 008 | 140714b xxu||||| |||| 00| 0 Urdu d | ||
| 010 | _aUR-8851 | ||
| 020 | _c250.00 | ||
| 035 | _aU-7406 | ||
| 037 | _bBPPD/Pub/Ven | ||
| 040 |
_aDPL _bUrdu |
||
| 082 | _a841.8 | ||
| 100 | _aصد يقی ا ظہا ر ا حمد | ||
| 245 |
_aتصو ر ا ت کا ر نگ _cصد يقی ا ظہا ر ا حمد |
||
| 246 |
_aTasavuraat ka Rang _bBy Tarab Siddiqui |
||
| 260 |
_b Tarab Siddiqui _c2013 _aU.P |
||
| 270 |
_aS-2/410A-1-KH,Near Patrakarpuram colony,sikraul _bVaranasi _k9454751524 _e221002 |
||
| 300 |
_a152ص _c22Cm (Hb) |
||
| 942 |
_2ddc _cUR _e _h841.8 _m ص د ی |
||
| 999 |
_c93351 _d93351 |
||